Wireless technologies : Circuits, systems, and devices

The 22 chapters in this collection explore design options, RF building blocks, chip architectures, circuit implementations, and fabrication processes for the next generation of wireless communication systems. The contributors, who are a mix of academic and industry researchers, propose novel circuit...

Deskribapen osoa

Gorde:
Xehetasun bibliografikoak
Egile nagusia: Iniewski, Krzysztof
Formatua: Liburua
Hizkuntza:Undetermined
Argitaratua: Boca Raton CRC Press/Taylor & Francis 2008
Gaiak:
Etiketak: Etiketa erantsi
Etiketarik gabe, Izan zaitez lehena erregistro honi etiketa jartzen!
Thư viện lưu trữ: Trung tâm Học liệu Trường Đại học Cần Thơ
LEADER 01526nam a2200229Ia 4500
001 CTU_134409
008 210402s9999 xx 000 0 und d
020 |c 2329000 
082 |a 621.384 
082 |b I.56 
100 |a Iniewski, Krzysztof 
245 0 |a Wireless technologies : 
245 0 |b Circuits, systems, and devices 
245 0 |c Krzysztof Iniewski 
260 |a Boca Raton 
260 |b CRC Press/Taylor & Francis 
260 |c 2008 
520 |a The 22 chapters in this collection explore design options, RF building blocks, chip architectures, circuit implementations, and fabrication processes for the next generation of wireless communication systems. The contributors, who are a mix of academic and industry researchers, propose novel circuit solutions for multiple-input multiple-output radio transceivers, an algorithmic design methodology for simultaneous noise and input impedance matching in low-noise amplifiers, and a digital RF processor. Other topics include body area networks for health monitoring, the MB-OFDM ultra wide band system, receivers for short-distance wireless links, fractional PLLs for multiband synthesis, distributed effects in RF CMOS chips, and membrane-based MEMS systems. 
650 |a Wireless communication systems,Metal oxide semiconductors, Complementary,Radio circuits,Vô tuyến điện 
650 |x Equipment and supplies,Design and construction,Design and construction 
904 |i Trọng Hải 
980 |a Trung tâm Học liệu Trường Đại học Cần Thơ